| 000 | 00994nac a22002657a 4500 | ||
|---|---|---|---|
| 001 | BR8108535 | ||
| 003 | BR-BrBNA | ||
| 005 | 20240105115151.0 | ||
| 008 | 230509b bl.|||m| |||| 00| 0 por d | ||
| 040 |
_aBR-BrBNA _bpor _cBiblioteca Nacional de Agricultura |
||
| 072 | _aF60 | ||
| 090 | _a3520 BR8108535 | ||
| 100 | 1 | _aRenna, A. | |
| 110 | 1 |
_aCompanhia Brasileira de Armazenamento, Brasilia, DF (Brasil). Depto. de Operacoes de Unidades Frigorificas _92309 |
|
| 111 | 1 |
_a1. Encontro Tecnico sobre Frigoconservacao _cBrasilia, DF (Brazil) _d5 Dec 1980 |
|
| 245 | 1 | _aFrigoconservacao de batata-semente; consequencias metabolicas, fisiologicas e culturais | |
| 260 | 3 |
_aBrasilia, DF (Brasil): _c1981. |
|
| 300 | _a12 p. | ||
| 490 |
_aInformativo Tecnico DEFRI - Companhia Brasileira de Armazenamento (Brazil) _vno. 7 _x |
||
| 650 | _aBATATA SEMENTE | ||
| 650 | _aANALISE QUIMICA | ||
| 650 | _aARMAZENAMENTO | ||
| 909 |
_a202312 _bLúcia Elande _c55 _dLúcia Elande |
||
| 942 |
_2AGRIS _n0 _cMS |
||
| 999 |
_c273431 _d273431 |
||